[Event "St Petersburg-ch (Women) 81st"]
[Site "St Petersburg"]
[Date "2013.03.20"]
[Round "10"]
[White "Skafar, Darya"]
[Black "Gudkina, Zhanna"]
[Result "0-1"]
[WhiteElo "1819"]
[BlackElo "1843"]
[PlyCount "150"]
[EventDate "2013.03.11"]
[EventType "tourn"]
[EventRounds "11"]
[EventCountry "RUS"]
[SourceTitle "CBM 153 Extra"]
[Source "ChessBase"]
[SourceDate "2013.04.22"]
[SourceVersion "1"]
[SourceVersionDate "2013.04.22"]
[SourceQuality "1"]

1. e4 e6 2. d4 b6 3. Nf3 Bb7 4. Bd3 d5 5. e5 c5 6. c3 Nc6 7. 0-0 Qd7 8. a3 Nge7 9. b4 Ng6 10. h4 Be7 11. h5 Nf8 12. Bb2 Qc7 13. Nbd2 Nd7 14. Rc1 c4 15. Bb1 f6 16. exf6 gxf6 17. Re1 e5 18. Bf5 e4 19. Nh4 0-0-0 20. Nf1 Bd6 21. Ra1 Rdg8 22. Bc1 Bf4 23. Be3 Ne7 24. Qd2 Bxe3 25. Qxe3 Rg5 26. Ng3 Nxf5 27. Nhxf5 Nf8 28. f4 Rg4 29. Rf1 Rhg8 30. Rf2 Kb8 31. Ne2 Rh8 32. Qh3 Rgg8 33. Kh1 Bc8 34. g4 Bxf5 35. gxf5 Qd7 36. Rg1 Ng6 37. Rh2 Ne7 38. Ng3 h6 39. Rhg2 Rg7 40. Kh2 Rhg8 41. Nf1 Rxg2+ 42. Rxg2 Rxg2+ 43. Kxg2 Qxf5 44. Qxf5 Nxf5 45. Kf2 Ne7 46. Ne3 f5 47. a4 Kc7 48. Kg2 a6 49. Kf2 Kd6 50. Nf1 Ke6 51. Ng3 Ng8 52. Ke1 Nf6 53. Ke2 Ng4 54. Nf1 a5 55. b5 e3 56. Nxe3 Nf6 57. Kf3 Nxh5 58. Nd1 Nf6 59. Kg3 Ng4 60. Kh4 Kf6 61. Kh5 Kg7 62. Kh4 Kg6 63. Kh3 Kh5 64. Kg3 Nf6 65. Kf3 Ne4 66. Ne3 Nxc3 67. Nxf5 Nxa4 68. Ne7 Nc3 69. Nc8 a4 70. Nxb6 a3 71. Nd7 a2 72. b6 a1Q 73. b7 Qf1+ 74. Kg3 Ne4+ 75. Kh2 Qf2+ 0-1

[Event "St Petersburg-ch (Women) 81st"]
[Site "St Petersburg"]
[Date "2013.03.18"]
[Round "8"]
[White "Kiseleva, Arina"]
[Black "Gudkina, Zhanna"]
[Result "1/2-1/2"]
[WhiteElo "1975"]
[BlackElo "1843"]
[PlyCount "98"]
[EventDate "2013.03.11"]
[EventType "tourn"]
[EventRounds "11"]
[EventCountry "RUS"]
[SourceTitle "CBM 153 Extra"]
[Source "ChessBase"]
[SourceDate "2013.04.22"]
[SourceVersion "1"]
[SourceVersionDate "2013.04.22"]
[SourceQuality "1"]

1. Nf3 d5 2. g3 Nf6 3. Bg2 e6 4. 0-0 Be7 5. d3 0-0 6. c4 c5 7. Nbd2 Nc6 8. a3 a6 9. b3 b5 10. Qc2 Qb6 11. Bb2 Rb8 12. Rab1 Rd8 13. Rfc1 Bb7 14. e3 Rbc8 15. Ne5 Nxe5 16. Bxe5 Ba8 17. cxb5 axb5 18. d4 Nd7 19. dxc5 Rxc5 20. Bc3 Qc7 21. b4 Rc6 22. Qb3 Nb6 23. Bb2 Nc4 24. Nxc4 dxc4 25. Qc2 Ra6 26. e4 Qb7 27. f4 Qa7+ 28. Kf1 Rad6 29. Rd1 Qe3 30. Rxd6 Rxd6 31. Re1 Qd3+ 32. Qxd3 Rxd3 33. Kf2 Rb3 34. Bc1 f6 35. e5 Bxg2 36. Kxg2 Kf7 37. Re3 Rxe3 38. Bxe3 fxe5 39. fxe5 Kg6 40. Bd4 Bg5 41. Kf3 Bc1 42. a4 bxa4 43. b5 Bd2 44. b6 Ba5 45. b7 Bc7 46. Ke4 a3 47. Bc3 Kf7 48. Kd4 Ke8 49. Kxc4 Kd7 1/2-1/2

[Event "St Petersburg-ch (Women) 81st"]
[Site "St Petersburg"]
[Date "2013.03.17"]
[Round "7"]
[White "Gudkina, Zhanna"]
[Black "Korchagina, Victoria"]
[Result "0-1"]
[WhiteElo "1843"]
[BlackElo "2030"]
[PlyCount "74"]
[EventDate "2013.03.11"]
[EventType "tourn"]
[EventRounds "11"]
[EventCountry "RUS"]
[SourceTitle "CBM 153 Extra"]
[Source "ChessBase"]
[SourceDate "2013.04.22"]
[SourceVersion "1"]
[SourceVersionDate "2013.04.22"]
[SourceQuality "1"]

1. e4 c5 2. Nf3 d6 3. d4 cxd4 4. Nxd4 Nf6 5. Nc3 Nc6 6. Nb3 g6 7. Be2 Bg7 8. Be3 0-0 9. 0-0 a5 10. a4 Nb4 11. f4 Bd7 12. Bf3 Bc6 13. Rf2 Nd7 14. Rd2 Qc7 15. e5 Bxf3 16. gxf3 Qc8 17. exd6 exd6 18. Rxd6 Nf6 19. Bb6 Qf5 20. Rc1 Qxf4 21. Bxa5 Rxa5 22. Nxa5 Qg5+ 23. Kh1 Qxa5 24. Qd2 Qh5 25. Qf2 Nbd5 26. Nxd5 Nxd5 27. c4 Nf4 28. Rc2 Re8 29. Rd1 Nh3 30. Qf1 Qh4 31. Rb1 Bd4 32. c5 Nf2+ 33. Rxf2 Bxf2 34. Qb5 Qe7 35. b4 Rd8 36. c6 Qe3 37. Kg2 Rd2 0-1

[Event "St Petersburg-ch (Women) 81st"]
[Site "St Petersburg"]
[Date "2013.03.11"]
[Round "1"]
[White "Gudkina, Zhanna"]
[Black "Balaian, Alina"]
[Result "0-1"]
[WhiteElo "1843"]
[BlackElo "2213"]
[PlyCount "66"]
[EventDate "2013.03.11"]
[EventType "tourn"]
[EventRounds "11"]
[EventCountry "RUS"]
[SourceTitle "CBM 153 Extra"]
[Source "ChessBase"]
[SourceDate "2013.04.22"]
[SourceVersion "1"]
[SourceVersionDate "2013.04.22"]
[SourceQuality "1"]

1. e4 e6 2. d4 d5 3. Nd2 Nf6 4. e5 Nfd7 5. Bd3 c5 6. c3 Nc6 7. Ne2 cxd4 8. cxd4 f6 9. exf6 Nxf6 10. Nf3 Bd6 11. 0-0 Qc7 12. a3 0-0 13. Qc2 Bd7 14. Re1 Rac8 15. Bd2 Qb6 16. Bc3 e5 17. dxe5 Nxe5 18. Ned4 Nxd3 19. Qxd3 Ne4 20. Re2 h6 21. Rd1 Rf7 22. Rxe4 dxe4 23. Qxe4 Re8 24. Qd5 Qc5 25. Qb3 Qh5 26. Bd2 b6 27. Be3 Bc8 28. Ne2 Bxh2+ 29. Nxh2 Qxe2 30. Nf3 Be6 31. Qa4 b5 32. Nd4 Qxe3 33. Qc2 Qe5 0-1

[Event "St Petersburg-ch sf (Women) 80th"]
[Site "St Petersburg"]
[Date "2012.02.04"]
[Round "8.6"]
[White "Klevets, Ksenia"]
[Black "Gudkina, Zhanna"]
[Result "1/2-1/2"]
[WhiteElo "1837"]
[BlackElo "1829"]
[PlyCount "88"]
[EventDate "2012.01.28"]
[EventType "swiss"]
[EventRounds "9"]
[EventCountry "RUS"]
[SourceTitle "CBM 146 Extra"]
[Source "ChessBase"]
[SourceDate "2012.02.29"]
[SourceVersion "1"]
[SourceVersionDate "2012.02.29"]
[SourceQuality "1"]

1. d4 d5 2. Nf3 Nf6 3. e3 c5 4. Nbd2 Bg4 5. Be2 e6 6. b3 Nc6 7. Bb2 Be7 8. 0-0 0-0 9. h3 Bh5 10. a3 Rc8 11. Rc1 a6 12. dxc5 Bxc5 13. b4 Be7 14. c4 Qb6 15. c5 Qd8 16. Qb3 Ne4 17. g4 Bg6 18. Nxe4 dxe4 19. Nd4 Nxd4 20. Bxd4 Bf6 21. Rfd1 Bxd4 22. Rxd4 Qg5 23. Rcd1 h5 24. Kh1 Qh4 25. Kg2 Qg5 26. Kh1 Qh4 27. Kg2 Qg5 28. f4 exf3+ 29. Bxf3 e5 30. Rc4 e4 31. Bxe4 hxg4 32. Bxg6 gxh3+ 33. Kxh3 Qxg6 34. Rg4 Qh5+ 35. Kg3 Qe5+ 36. Kf3 Rc6 37. Rdg1 Rf6+ 38. Ke2 Qh5 39. Ke1 g6 40. Qc3 Qf5 41. Rf4 Qb1+ 42. Kf2 Rxf4+ 43. exf4 Qa2+ 44. Kg3 Qd5 1/2-1/2

[Event "St Petersburg-ch sf (Women) 80th"]
[Site "St Petersburg"]
[Date "2012.02.03"]
[Round "7.7"]
[White "Gudkina, Zhanna"]
[Black "Dobronravina, Anna"]
[Result "1-0"]
[WhiteElo "1829"]
[BlackElo "1687"]
[PlyCount "53"]
[EventDate "2012.01.28"]
[EventType "swiss"]
[EventRounds "9"]
[EventCountry "RUS"]
[SourceTitle "CBM 146 Extra"]
[Source "ChessBase"]
[SourceDate "2012.02.29"]
[SourceVersion "1"]
[SourceVersionDate "2012.02.29"]
[SourceQuality "1"]

1. e4 c5 2. Nf3 e6 3. d4 cxd4 4. Nxd4 a6 5. Nc3 Nc6 6. Be3 Qc7 7. Bd3 b5 8. Nxc6 Qxc6 9. a3 Bb7 10. 0-0 Nf6 11. Qe2 Be7 12. f4 d6 13. f5 e5 14. g4 d5 15. exd5 Nxd5 16. Be4 Qd6 17. Nxd5 Bxd5 18. Rfd1 Rc8 19. Bxd5 Qc7 20. Rac1 0-0 21. c4 Qb8 22. g5 g6 23. Qf3 bxc4 24. Qh3 Rfd8 25. Bxf7+ Kxf7 26. Qxh7+ Ke8 27. fxg6 1-0

[Event "St Petersburg-ch sf (Women) 80th"]
[Site "St Petersburg"]
[Date "2012.01.31"]
[Round "4.4"]
[White "Volskaya, Vera"]
[Black "Gudkina, Zhanna"]
[Result "1-0"]
[WhiteElo "1925"]
[BlackElo "1829"]
[PlyCount "63"]
[EventDate "2012.01.28"]
[EventType "swiss"]
[EventRounds "9"]
[EventCountry "RUS"]
[SourceTitle "CBM 146 Extra"]
[Source "ChessBase"]
[SourceDate "2012.02.29"]
[SourceVersion "1"]
[SourceVersionDate "2012.02.29"]
[SourceQuality "1"]

1. d4 d5 2. Nf3 c6 3. Bg5 Bg4 4. e3 Nd7 5. Nbd2 Ngf6 6. h3 Bh5 7. Be2 h6 8. Bf4 e6 9. Ne5 Bxe2 10. Qxe2 Qb6 11. 0-0 Be7 12. c4 c5 13. cxd5 Nxe5 14. Bxe5 exd5 15. dxc5 Bxc5 16. Bxf6 gxf6 17. e4 0-0-0 18. Rac1 Kb8 19. Nb3 Bb4 20. Rfd1 Rhe8 21. Qh5 dxe4 22. Rxd8+ Rxd8 23. Qxh6 Re8 24. Qe3 Qd6 25. a3 a5 26. axb4 Qxb4 27. Qc3 Qe7 28. Nxa5 f5 29. Qe3 Qd6 30. Nc4 Qd5 31. Qf4+ Ka7 32. Ra1+ 1-0

[Event "St Petersburg Rudenko Memorial (Women)"]
[Site "St Petersburg"]
[Date "2011.08.30"]
[Round "8"]
[White "Manina, Ksenia"]
[Black "Gudkina, Zhanna"]
[Result "1/2-1/2"]
[WhiteElo "2003"]
[BlackElo "1759"]
[PlyCount "80"]
[EventDate "2011.08.23"]
[EventType "swiss"]
[EventRounds "9"]
[EventCountry "RUS"]
[SourceTitle "CBM 144 Extra"]
[Source "ChessBase"]
[SourceDate "2011.10.28"]
[SourceVersion "1"]
[SourceVersionDate "2011.10.28"]
[SourceQuality "1"]

1. f4 d5 2. Nf3 c5 3. e3 Nf6 4. b3 Bf5 5. Bb2 e6 6. d3 Nbd7 7. Nbd2 Bd6 8. Qe2 Qa5 9. 0-0-0 Bg6 10. Kb1 b5 11. Ne5 Qb6 12. Nxg6 hxg6 13. c4 a5 14. g3 Ke7 15. e4 bxc4 16. dxc4 dxe4 17. Bg2 Ra6 18. Nxe4 Nxe4 19. Qxe4 Rb8 20. Kc2 a4 21. Qf3 Nf6 22. Rd3 Qb4 23. Rhd1 Ne8 24. Qe3 axb3+ 25. axb3 Ra2 26. Ra1 Rxa1 27. Bxa1 Qa5 28. Bb2 Qb6 29. h3 Nc7 30. Qd2 Na6 31. Rxd6 Qxd6 32. Qxd6+ Kxd6 33. Be5+ Kd7 34. Bxb8 Nxb8 35. Kc3 Na6 36. Bf3 Nb4 37. Kd2 Kd6 38. Ke3 Nc2+ 39. Kd2 Nb4 40. Ke3 Nc2+ 1/2-1/2

[Event "St Petersburg Rudenko Memorial (Women)"]
[Site "St Petersburg"]
[Date "2011.08.25"]
[Round "3"]
[White "Gudkina, Zhanna"]
[Black "Tomilova, Elena"]
[Result "0-1"]
[WhiteElo "1759"]
[BlackElo "2317"]
[PlyCount "62"]
[EventDate "2011.08.23"]
[EventType "swiss"]
[EventRounds "9"]
[EventCountry "RUS"]
[SourceTitle "CBM 144 Extra"]
[Source "ChessBase"]
[SourceDate "2011.10.28"]
[SourceVersion "1"]
[SourceVersionDate "2011.10.28"]
[SourceQuality "1"]

1. e4 e5 2. Nf3 Nc6 3. Bb5 f5 4. Nc3 fxe4 5. Nxe4 Nf6 6. Qe2 d5 7. Nxe5 dxe4 8. Nxc6 bxc6 9. Bxc6+ Bd7 10. Bxa8 Qxa8 11. b3 Bd6 12. d4 0-0 13. Be3 Bg4 14. Qc4+ Nd5 15. 0-0 Kh8 16. Rae1 Qd8 17. h3 Be6 18. Qe2 Bb4 19. Ra1 Qh4 20. Bd2 Bxd2 21. Qxd2 Nf4 22. Qe3 Qg5 23. g3 Nxh3+ 24. Kg2 Rxf2+ 25. Rxf2 Qxe3 26. Rf8+ Bg8 27. Kxh3 h5 28. Raf1 Kh7 29. Re8 Qxd4 30. Rff8 Qg1 31. Rxg8 Qh1# 0-1

[Event "St Petersburg Rudenko Memorial (Women)"]
[Site "St Petersburg"]
[Date "2011.08.24"]
[Round "2"]
[White "Markelova, Lubov"]
[Black "Gudkina, Zhanna"]
[Result "0-1"]
[WhiteElo "2074"]
[BlackElo "1759"]
[PlyCount "62"]
[EventDate "2011.08.23"]
[EventType "swiss"]
[EventRounds "9"]
[EventCountry "RUS"]
[SourceTitle "CBM 144 Extra"]
[Source "ChessBase"]
[SourceDate "2011.10.28"]
[SourceVersion "1"]
[SourceVersionDate "2011.10.28"]
[SourceQuality "1"]

1. d4 d5 2. Bg5 Bf5 3. e3 c6 4. c4 dxc4 5. Nc3 b5 6. e4 Bg6 7. e5 h6 8. Be3 e6 9. Qf3 Bb4 10. a3 Bxc3+ 11. bxc3 Ne7 12. Ne2 Nd5 13. Bd2 Nd7 14. g4 a5 15. Ng3 N7b6 16. Rc1 Qe7 17. Ra1 Qb7 18. Be2 b4 19. axb4 axb4 20. Rxa8+ Qxa8 21. 0-0 b3 22. Ne4 Bxe4 23. Qxe4 Qa2 24. Rd1 Kd7 25. f4 Ra8 26. f5 b2 27. fxe6+ fxe6 28. Qg6 Qb3 29. Rb1 Ra1 30. Kg2 Qa2 31. Qxg7+ Ne7 0-1

[Event "St Petersburg-ch (Women)"]
[Site "St Petersburg"]
[Date "2011.02.16"]
[Round "6"]
[White "Kolesnikova, Kristina"]
[Black "Gudkina, Zhanna"]
[Result "1-0"]
[WhiteElo "1908"]
[BlackElo "1766"]
[PlyCount "109"]
[EventDate "2011.02.11"]
[EventType "swiss"]
[EventRounds "7"]
[EventCountry "RUS"]
[SourceTitle "CBM 141 Extra"]
[Source "ChessBase"]
[SourceDate "2011.05.03"]
[SourceVersion "1"]
[SourceVersionDate "2011.05.03"]
[SourceQuality "1"]

1. e4 e6 2. d4 d5 3. e5 c5 4. c3 Nc6 5. Nf3 Qb6 6. a3 Nh6 7. b4 cxd4 8. cxd4 Nf5 9. Bb2 Be7 10. Bd3 0-0 11. 0-0 Bd7 12. Nc3 a6 13. Bxf5 exf5 14. Nxd5 Qd8 15. Nxe7+ Nxe7 16. d5 Bb5 17. d6 Bxf1 18. dxe7 Qxe7 19. Qxf1 Rfd8 20. Bd4 Rac8 21. h3 h6 22. Rc1 Qe6 23. Rd1 Kh7 24. Qd3 g6 25. Qe3 Rc4 26. Rc1 Rxc1+ 27. Qxc1 Rc8 28. Qe3 Qd5 29. Bc5 Re8 30. Qd4 Qxd4 31. Bxd4 Re6 32. Nd2 g5 33. Nc4 Kg6 34. a4 h5 35. f3 g4 36. f4 g3 37. Nd6 Re7 38. Bc5 Rc7 39. a5 h4 40. Kf1 Rd7 41. Ke2 f6 42. Kf3 fxe5 43. fxe5 Rh7 44. Kf4 Rh5 45. Nxb7 Kf7 46. Nd8+ Ke8 47. Nc6 Kd7 48. Nd4 Rh7 49. e6+ Ke8 50. Nxf5 Kd8 51. e7+ Kd7 52. Ke5 Rf7 53. Bd6 Rxf5+ 54. Kxf5 Ke8 55. b5 1-0

[Event "St Petersburg Autumn op"]
[Site "St Petersburg"]
[Date "2010.10.22"]
[Round "7"]
[White "Osmanov, Magomed"]
[Black "Gudkina, Zhanna"]
[Result "1-0"]
[WhiteElo "1850"]
[BlackElo "1739"]
[PlyCount "129"]
[EventDate "2010.10.16"]
[EventType "swiss"]
[EventRounds "9"]
[EventCountry "RUS"]
[SourceTitle "EXT 2011"]
[Source "ChessBase"]
[SourceDate "2010.11.26"]
[SourceVersion "1"]
[SourceVersionDate "2010.11.26"]
[SourceQuality "1"]

1. d4 d5 2. Nf3 Nf6 3. c4 e6 4. Nc3 Be7 5. Bg5 0-0 6. e3 b6 7. Qc2 Bb7 8. cxd5 exd5 9. Bd3 Nbd7 10. 0-0 c5 11. Ne5 h6 12. Bh4 Rc8 13. Bf5 g5 14. Bg3 cxd4 15. exd4 b5 16. Qb3 a6 17. Nxd7 Nxd7 18. Nxd5 Bxd5 19. Qxd5 Nf6 20. Qxd8 Rcxd8 21. Rfd1 Nd5 22. Rac1 Bf6 23. Rc6 a5 24. h3 Kg7 25. Rc5 Rfe8 26. Rxb5 h5 27. Rxa5 h4 28. Be5 Nf4 29. Bxf6+ Kxf6 30. Bg4 Re7 31. d5 Re5 32. Ra6+ Kg7 33. d6 Nd5 34. a3 Kf6 35. Rc1 Kg7 36. d7 f5 37. Bf3 Rxd7 38. Bxd5 Rexd5 39. Rac6 Rd8 40. Rc7+ Kf6 41. R1c6+ Ke5 42. Rc5 Kd4 43. Rc1 Ke5 44. Re1+ Kd6 45. Rg7 f4 46. Re2 Kc5 47. Rc2+ Kd4 48. Rd2+ Kc4 49. Rc7+ Kb3 50. Rxd5 Rxd5 51. Rb7+ Ka2 52. a4 Ra5 53. b3 Ka3 54. Rb5 Ra6 55. a5 Ra7 56. b4 Ka4 57. Rb6 Rd7 58. a6 Rd1+ 59. Kh2 Ra1 60. a7 Kb3 61. Rb7 Kc4 62. b5 g4 63. hxg4 Kc5 64. b6 Kc6 65. Rb8 1-0